000 00943nmm a2200289 a 4500
001 ocm0001520909
003 TR-IsHL
005 20201028163239.0
008 170206s2016 tu tur
007 cr cn
020 _a9789944742474
035 _a1520909
_b(N$T)
050 0 4 _aB99.T82
_bO93 2016
090 0 4 _aB99.T82
_bO93 2016
100 1 _aÖzden, H. Ömer
245 1 0 _aYeniçağ felsefe tarihi: metinlerle
_h[electronic resource] /
_cH. Ömer Özden ; Osman Elmalı
260 _aİstanbul :
_bArı Sanat Yayınları,
_c2016
300 _a353 p.
500 _aKaynakça var.
_x
650 4 _aFelsefe, Psikoloji ve Din
650 4 _aPhilosophy, Psychology and Religion
650 0 _aFelsefe
_x Tarih
650 0 _aPhilosophy
_x History
650 7 _aPHILOSOPHY / General
_2bisacsh
700 1 _aElmalı, Osman
856 4 0 _uhttp://search.ebscohost.com/login.aspx?direct=true&scope=site&db=e011xww&AN=1520909
999 _c15236
_d15236